| Tag |
First Indicator |
Second Indicator |
Subfields |
| LEADER |
00000cam a2200000 a 4500 |
| 001 |
in00002783332 |
| 005 |
20210918063146.0 |
| 008 |
110912s2012 nyu 000 1 eng |
| 010 |
|
|
|a 2011034970
|
| 020 |
|
|
|a 9781400069866 (acid-free paper)
|
| 020 |
|
|
|a 1400069866 (acid-free paper)
|
| 020 |
|
|
|a 9780679604860 (eBook)
|
| 020 |
|
|
|a 0679604863 (eBook)
|
| 029 |
1 |
|
|a AU@
|b 000047762029
|
| 029 |
1 |
|
|a NZ1
|b 14323398
|
| 035 |
|
|
|a (OCoLC)ocn741540136
|
| 035 |
|
|
|a (OCoLC)741540136
|
| 040 |
|
|
|a DLC
|b eng
|c DLC
|d YDX
|d BTCTA
|d YDXCP
|d BDX
|d IEB
|d BWX
|d ORX
|d PUL
|d COO
|d UtOrBLW
|
| 042 |
|
|
|a pcc
|
| 049 |
|
|
|a TXAM
|
| 050 |
0 |
0 |
|a PS3562.A8458
|b D48 2012
|
| 082 |
0 |
0 |
|a 813/.54
|2 23
|
| 100 |
1 |
|
|a LaValle, Victor,
|d 1972-
|
| 245 |
1 |
4 |
|a The devil in silver :
|b a novel /
|c Victor LaValle.
|
| 250 |
|
|
|a 1st ed.
|
| 264 |
|
1 |
|a New York :
|b Spiegel & Grau,
|c 2012.
|
| 300 |
|
|
|a 412 pages ;
|c 25 cm.
|
| 336 |
|
|
|a text
|b txt
|2 rdacontent
|
| 337 |
|
|
|a unmediated
|b n
|2 rdamedia
|
| 338 |
|
|
|a volume
|b nc
|2 rdacarrier
|
| 520 |
|
|
|a Pepper is a rambunctious big man, and, suddenly, the surprised inmate of a budget-strapped mental institution in Queens, New York. He's not mentally ill, but that doesn't seem to matter. On his first night, he's visited by a terrifying creature who nearly kills him before being hustled away by the hospital staff. It's no delusion: The other patients confirm that a hungry devil roams the hallways when the sun goes down. Pepper rallies three other inmates in a plot to fight back: Dorry, an octogenarian schizophrenic; Coffee, an African immigrant with severe OCD; and Loochie, a bipolar teenage girl. Battling the pill-pushing staff, one another, and their own minds, they try to kill the monster that's stalking them. But can the Devil die?
|
| 650 |
|
0 |
|a Psychiatric hospital patients
|v Fiction.
|
| 650 |
|
0 |
|a Psychiatric hospitals
|v Fiction.
|
| 650 |
|
0 |
|a Mentally ill
|v Fiction.
|
| 655 |
|
0 |
|a Psychological fiction.
|
| 776 |
0 |
8 |
|i Electronic version:
|a LaValle, Victor D., 1972-
|t Devil in silver.
|b 1st ed.
|d New York : Spiegel & Grau, c2012
|z 9780679604860
|w (OCoLC)808127049
|
| 938 |
|
|
|a Baker and Taylor
|b BTCP
|n BK0010032493
|
| 938 |
|
|
|a YBP Library Services
|b YANK
|n 7281898
|
| 938 |
|
|
|a Brodart
|b BROD
|n 13194445
|c $27.00
|
| 938 |
|
|
|a Blackwell Book Service
|b BBUS
|n 7281898
|
| 947 |
|
|
|a A14836006308
|
| 945 |
|
|
|a PromptCat
|b 99174
|
| 946 |
|
|
|a stk
|
| 994 |
|
|
|a 92
|b TXA
|
| 948 |
|
|
|a Cataloged
|b h
|c 2012/11/21
|d c
|e EGrant
|
| 999 |
|
|
|a MARS
|
| 999 |
f |
f |
|s 731e2165-21d8-31ca-a8a8-1d76b38b6f2a
|i f7061b11-dee0-3de6-919b-663c4ab24964
|t 0
|
| 952 |
f |
f |
|p normal
|a Texas A&M University
|b College Station
|c Sterling C. Evans Library
|d Evans: Library Stacks
|t 0
|e PS3562.A8458 D48 2012
|h Library of Congress classification
|i unmediated -- volume
|m A14836006308
|
| 998 |
f |
f |
|a PS3562.A8458 D48 2012
|t 0
|l Evans: Library Stacks
|